00779nam a22002417a 450000500170000001000110001702000100002803500110003803700160004904000120006508200130007710000250009024500890011526000320020427000330023630000240026950000330029365000370032665000150036394200220037899900190040095201180041920170124110103.0 a796938 c00.00 a796938 bCen Lib/Ret aDPLbEN a944bFIS aFisher, John 927590 aAirlift 1870 :cby John Fisher bthe balloon and pigeon post in the siege of paris / bMax Parrish c1965aLondon  bLondon a1-5 portpool lane  aix, 166p.c21cm(Hb) aIncludes appendix and index  aHistory zAncient greece 927591 aWar915533 2ddccENh944mFIS c129856d129856 00104070aLbLd2015-07-07eCen Lib/Retg0.00l0o944 FISp796938r2015-07-07 00:00:00t1v0.00w2015-07-07yEN